|
|
|
|
| LEADER |
00000nam a2200000 a 4500 |
| 001 |
UCQ8055 |
| 003 |
CL-VaPUC |
| 008 |
981127e19720000FR |||||||||||||||||fre|d |
| 082 |
0 |
4 |
|a 511.3
|b GLA
|2 21
|
| 100 |
|
|
|a Glaymann, Maurice
|e author
|9 422542
|
| 700 |
0 |
|
|a Rosenbloom, P. C
|e author
|9 421890
|
| 245 |
1 |
3 |
|a La logique à l'école
|
| 300 |
|
|
|a 89 p
|
| 942 |
|
|
|c BK
|
| 945 |
|
|
|d 19981127 00:00:00
|a crobeson
|
| 260 |
|
|
|a París
|b Cedic
|c 1972
|
| 650 |
|
0 |
|a Lógica matemática
|9 262442
|
| 650 |
|
0 |
|a Lógica simbólica
|9 269868
|
| 650 |
|
0 |
|a Matemáticas
|x Enseñanza
|9 875527
|
| 583 |
|
|
|a last modification
|c 19981127 00:00:00
|k Rodrigo Vera
|
| 999 |
|
|
|c 277416
|d 277414
|
| 952 |
|
|
|0 0
|1 0
|4 0
|6 511_300000000000000_GLA_1972
|7 0
|8 A
|9 315326
|a BIBMAT
|b BIBMAT
|d 2019-11-20
|i 1496670
|o 511.3 GLA 1972
|p 1496670
|r 2025-01-07
|w 2019-11-20
|y BK
|k MAT
|
| 952 |
|
|
|0 0
|1 0
|4 0
|6 511_300000000000000_GLA_1972
|7 0
|8 A
|9 315327
|a BIBMAT
|b BIBMAT
|d 2019-11-20
|i 1305913
|o 511.3 GLA 1972
|p 1305913
|r 2025-01-07
|w 2019-11-20
|y BK
|k MAT
|